How your body works

Αποθηκεύτηκε σε:
Λεπτομέρειες βιβλιογραφικής εγγραφής
Κύριος συγγραφέας: Hindley, Judy
Άλλοι συγγραφείς: King, Colin (Εικονογράφος)
Μορφή: Βιβλίο
Γλώσσα:English
Δημοσίευση: London : Usborne, 1975
Θέματα:
Ετικέτες: Προσθήκη ετικέτας
Δεν υπάρχουν, Καταχωρήστε ετικέτα πρώτοι!

MARC

LEADER 00000nam a2200000 i 4500
001 1/20518
008 970630s1975 eng d
020 |a 0-86020-198-8 
035 |a 1994  |b 3  |c Ανθουλιάς  |l 10036057 
040 |a GR-MY-UA  |b gre  |e aacr 
041 0 |a eng 
082 0 |a 611 
100 1 |a Hindley, Judy. 
245 1 0 |a How your body works /  |c Judy Hindley ; illustrated by Colin King 
260 |a London :   |b Usborne,   |c 1975 
300 |a 47 p. 
650 0 0 |a Human anatomy  |x Juvenile literature. 
650 0 0 |a Human body  |x Juvenile literature. 
650 0 0 |a Human anatomy. 
650 0 0 |a Human body. 
700 1 |a King, Colin.  |4 ill 
852 |a INST  |b RHODES  |e 19970630  |h 611 HIN  |p 005400007402  |q 005400007402  |t BK  |y 0 
909 |a Ρ  |b 037037  |c 1994